| 000 | 00806nas a2200277 4500 | ||
|---|---|---|---|
| 001 | BR0203374 | ||
| 003 | BR-BrBNA | ||
| 005 | 20231205103102.0 | ||
| 007 | ta | ||
| 008 | 230509b bl.|||p| |||| 00| 00por d | ||
| 040 |
_aBR-BrBNA _bpor _cBiblioteca Nacional de Agricultura |
||
| 041 | _a(Pt) | ||
| 072 | _aL70 | ||
| 100 | 1 | _aMelo, M.M. | |
| 100 | 1 | _aViana, F.A.B. | |
| 100 | 1 | _aLago, L.A. | |
| 245 | 1 | _aDiagnóstico e tratamento dos acidentes ofídicos | |
| 650 | _aCOBRA PEÇONHENTA | ||
| 650 | _aINTOXICAÇÃO | ||
| 650 | _aDIAGNÓSTICO | ||
| 650 | _aTRATAMENTO | ||
| 650 | _aOFIDISMO | ||
| 773 | 0 |
_tCadernos Técnicos da Escola de Veterinária da UFMG (Brazil) _xISSN 0102-7123 _g(Jul 1999), no. 28 p. 53-66 _wBR0203374 |
|
| 909 |
_a202311 _bLúcia _c55 _dLúcia Elande |
||
| 942 |
_2AGRIS _n0 _cANA |
||
| 999 |
_c170981 _d170981 |
||